The first days of school : (Record no. 39280)
[ view plain ]
| 000 -LEADER | |
|---|---|
| fixed length control field | 00648cam a2200241 a 4500 |
| 001 - CONTROL NUMBER | |
| control field | 13266862 |
| 005 - DATE AND TIME OF LATEST TRANSACTION | |
| control field | 20171221083526.0 |
| 008 - FIXED-LENGTH DATA ELEMENTS--GENERAL INFORMATION | |
| fixed length control field | 030709s2005 caua 001 0 eng |
| 010 ## - LIBRARY OF CONGRESS CONTROL NUMBER | |
| LC control number | 2003109628 |
| 020 ## - INTERNATIONAL STANDARD BOOK NUMBER | |
| International Standard Book Number | 0962936065 |
| 035 ## - SYSTEM CONTROL NUMBER | |
| System control number | (DLC) 2003109628 |
| 040 ## - CATALOGING SOURCE | |
| Original cataloging agency | DLC |
| Transcribing agency | DLC |
| 041 ## - LANGUAGE CODE | |
| Language code of text/sound track or separate title | eng |
| 043 ## - GEOGRAPHIC AREA CODE | |
| Geographic area code | n-us--- |
| 080 ## - UNIVERSAL DECIMAL CLASSIFICATION NUMBER | |
| Universal Decimal Classification number | 37 WON |
| 082 ## - DEWEY DECIMAL CLASSIFICATION NUMBER | |
| Classification number | 37 WON |
| 100 1# - Rafti | |
| Rafti | 46 |
| 101 ## - Shkurtesa | |
| Shkurtesa | EDU |
| 245 14 - TITLE STATEMENT | |
| Title | The first days of school : |
| Statement of responsibility, etc | by Harry K. Wong & Rosemary T. Wong. |
| 906 ## - LOCAL DATA ELEMENT F, LDF (RLIN) | |
| a | 7 |
| b | cbc |
| c | orignew |
| d | 2 |
| e | epcn |
| f | 20 |
| g | y-gencatlg |
| 942 ## - ADDED ENTRY ELEMENTS (KOHA) | |
| Source of classification or shelving scheme | |
| Item type | Books |
| Withdrawn status | Lost status | Source of classification or shelving scheme | Damaged status | Not for loan | Collection code | Permanent location | Current location | Shelving location | Date acquired | Total Checkouts | Full call number | Barcode | Date last seen | Price effective from | Koha item type |
|---|---|---|---|---|---|---|---|---|---|---|---|---|---|---|---|
| Koleksioni i përgjithshem | UBT - Lipjan | UBT - Lipjan | Koleksioni i përgjithshem | 12/21/2017 | 37 WON | 002-2939543 | 12/21/2017 | 12/21/2017 | Books | ||||||
| Koleksioni i përgjithshem | UBT - Lipjan | UBT - Lipjan | Koleksioni i përgjithshem | 12/21/2017 | 37 WON | 002-29538 | 12/21/2017 | 12/21/2017 | Books | ||||||
| UBT - Lipjan | UBT - Lipjan | 12/21/2017 | 37 WON | 002-2939661 | 12/21/2017 | 12/21/2017 | Books | ||||||||
| Koleksioni i përgjithshem | UBT - Lipjan | UBT - Lipjan | Koleksioni i përgjithshem | 12/21/2017 | 37 WON | 002-29656 | 12/21/2017 | 12/21/2017 | Books | ||||||
| Koleksioni i përgjithshem | UBT - Lipjan | UBT - Lipjan | Koleksioni i përgjithshem | 12/21/2017 | 37 WON | 002-29655 | 12/21/2017 | 12/21/2017 | Books | ||||||
| Koleksioni i përgjithshem | UBT - Lipjan | UBT - Lipjan | Koleksioni i përgjithshem | 12/21/2017 | 37 WON | 002-29650 | 12/21/2017 | 12/21/2017 | Books | ||||||
| Koleksioni i përgjithshem | UBT - Lipjan | UBT - Lipjan | Koleksioni i përgjithshem | 12/21/2017 | 37 WON | 002-29651 | 12/21/2017 | 12/21/2017 | Books | ||||||
| Koleksioni i përgjithshem | UBT - Lipjan | UBT - Lipjan | Koleksioni i përgjithshem | 12/21/2017 | 37 WON | 002-29647. | 12/21/2017 | 12/21/2017 | Books |